[Event "Foment Martinenc op-C 24th"]
[Site "Barcelona"]
[Date "2024.06.01"]
[Round "7"]
[White "Xu, Jin Hao"]
[Black "Escolano Bobkov, Alex"]
[Result "1-0"]
[WhiteElo "1746"]
[BlackElo "1486"]
[PlyCount "49"]
[EventDate "2024.04.20"]
[EventType "swiss"]
[EventRounds "9"]
[EventCountry "ESP"]
[SourceTitle "CBM 220 Extra"]
[Source "ChessBase"]
[SourceDate "2024.07.31"]
[SourceVersion "1"]
[SourceVersionDate "2024.07.31"]
[SourceQuality "1"]

1. d4 d5 2. c4 e6 3. cxd5 exd5 4. Nc3 Nf6 5. Bg5 Bb4 6. Qc2 Nc6 7. e3 Qe7 8. Be2 Qe4 9. 0-0-0 Bxc3 10. bxc3 Qxg2 11. Nf3 Be6 12. Rhg1 Qh3 13. Rg3 Qf5 14. Bd3 Ne4 15. Nh4 Qxf2 16. Bxe4 Qxg3 17. hxg3 dxe4 18. d5 0-0 19. Qxe4 Bd7 20. dxc6 Bxc6 21. Qg4 Rfe8 22. Bh6 g6 23. Qd4 f6 24. Qxf6 Re7 25. Qxe7 1-0

[Event "Foment Martinenc op-C 24th"]
[Site "Barcelona"]
[Date "2024.05.18"]
[Round "5"]
[White "Vazquez Cortes, Carlos"]
[Black "Escolano Bobkov, Alex"]
[Result "0-1"]
[WhiteElo "1648"]
[BlackElo "1486"]
[PlyCount "42"]
[EventDate "2024.04.20"]
[EventType "swiss"]
[EventRounds "9"]
[EventCountry "ESP"]
[SourceTitle "CBM 220 Extra"]
[Source "ChessBase"]
[SourceDate "2024.07.31"]
[SourceVersion "1"]
[SourceVersionDate "2024.07.31"]
[SourceQuality "1"]

1. d4 d5 2. Bf4 Nf6 3. Nf3 e6 4. a3 c6 5. h3 Bd6 6. e3 Qc7 7. Bh2 0-0 8. Bd3 Nbd7 9. Nbd2 Bxh2 10. Nxh2 e5 11. dxe5 Nxe5 12. Be2 Bf5 13. Nhf3 Rfe8 14. Nb3 Rad8 15. Nxe5 Qxe5 16. Qd4 Qxd4 17. Nxd4 Be4 18. Bf3 c5 19. Bxe4 Nxe4 20. Nb3 b6 21. 0-0-0 Nxf2 0-1

[Event "Foment Martinenc op-C 24th"]
[Site "Barcelona"]
[Date "2024.04.27"]
[Round "2"]
[White "Sanchez Hernandez, Xavier"]
[Black "Escolano Bobkov, Alex"]
[Result "0-1"]
[WhiteElo "1619"]
[BlackElo "1486"]
[PlyCount "120"]
[EventDate "2024.04.20"]
[EventType "swiss"]
[EventRounds "9"]
[EventCountry "ESP"]
[SourceTitle "CBM 220 Extra"]
[Source "ChessBase"]
[SourceDate "2024.07.31"]
[SourceVersion "1"]
[SourceVersionDate "2024.07.31"]
[SourceQuality "1"]

1. e4 e5 2. Nf3 Nc6 3. Bc4 Bc5 4. c3 Nf6 5. d3 h6 6. Bb3 d6 7. 0-0 0-0 8. Be3 Bb6 9. Nbd2 Bg4 10. Re1 Re8 11. Nf1 d5 12. Bxb6 axb6 13. Ng3 d4 14. h3 Be6 15. cxd4 Nxd4 16. Bxe6 Rxe6 17. Nxd4 Qxd4 18. Nf5 Qxb2 19. Qf3 Rxa2 20. Rxa2 Qxa2 21. Qg3 Ne8 22. Re3 Qb1+ 23. Kh2 Qb4 24. Rf3 Qc5 25. Qg4 Rg6 26. Qh5 Kf8 27. Nxh6 Nf6 28. Qf5 Rxh6 29. g4 Qe7 30. g5 Rg6 31. gxf6 Rxf6 32. Qc8+ Qe8 33. Qxe8+ Kxe8 34. Re3 Rxf2+ 35. Kg3 Rd2 36. Kg4 b5 37. Kf5 f6 38. Rg3 Kf8 39. h4 b4 40. h5 b3 41. d4 b2 42. Rb3 exd4 43. Rxb7 Rc2 44. Ke6 Kg8 45. Rb8+ Kh7 46. Kf7 Kh6 47. Rh8+ Kg5 48. Rb8 d3 49. Kxg7 d2 50. Rb5+ c5 51. h6 d1Q 52. h7 Qd7+ 53. Kg8 Qxb5 54. h8Q Qe8+ 55. Kg7 Qxh8+ 56. Kxh8 b1Q 57. e5 Qb8+ 58. Kg7 fxe5 59. Kf7 Rd2 60. Kg7 Rd7# 0-1